Loading...
| Science - Other | 0 | 6 | 0 | 1 | 60 | 16 | 45.00 | 0 | 4 | 0.00 | 0.00 |
| Science - Chemistry | 0 | 5 | 0 | 0 | 50 | 13 | 47.20 | 1 | 5 | 0.00 | 0.00 |
| Science - Biology | 0 | 5 | 0 | 0 | 50 | 19 | 40.80 | 2 | 5 | 0.00 | 0.00 |
| Science - Physics | 0 | 5 | 3 | 0 | 35 | 23 | 37.20 | 3 | 5 | 0.00 | 0.00 |
| History - American | 0 | 3 | 0 | 1 | 30 | 69 | 77.00 | 1 | 2 | 0.00 | 0.00 |
| Current Events | 0 | 2 | 0 | 0 | 20 | 67 | 79.00 | 0 | 1 | 0.00 | 0.00 |
| Fine Arts - Other | 0 | 2 | 0 | 1 | 20 | 68 | 87.50 | 1 | 1 | 0.00 | 0.00 |
| History - European | 0 | 2 | 0 | 0 | 20 | 55 | 66.00 | 0 | 1 | 0.00 | 0.00 |
| History - World | 0 | 2 | 0 | 1 | 20 | 30 | 48.50 | 0 | 1 | 0.00 | 0.00 |
| Social Science | 0 | 2 | 0 | 1 | 20 | 49 | 77.50 | 0 | 1 | 0.00 | 0.00 |
| Painting/Sculpture | 0 | 2 | 1 | 1 | 15 | 86 | 86.50 | 0 | 0 | 0.00 | 0.00 |
| Philosophy | 0 | 1 | 0 | 0 | 10 | 62 | 62.00 | 0 | 0 | 0.00 | 0.00 |
| Religion | 0 | 1 | 0 | 0 | 10 | 93 | 93.00 | 0 | 0 | 0.00 | 0.00 |
| Literature - European | 0 | 2 | 2 | 0 | 10 | 73 | 85.00 | 0 | 0 | 0.00 | 0.00 |
| History - Other | 0 | 1 | 0 | 0 | 10 | 103 | 103.00 | 0 | 0 | 0.00 | 0.00 |
| Geography | 0 | 1 | 0 | 0 | 10 | 111 | 111.00 | 0 | 0 | 0.00 | 0.00 |
| Literature - World | 0 | 1 | 0 | 0 | 10 | 73 | 73.00 | 0 | 0 | 0.00 | 0.00 |
| Mythology | 0 | 1 | 0 | 1 | 10 | 100 | 100.00 | 0 | 1 | 0.00 | 0.00 |
| Fine Arts - Classical Music | 0 | 0 | 0 | 0 | 0 | 0.00 | 0 | 0 | 0.00 | 0.00 |